OMELIE. DAL SS. CUORE DI GESÙ ALLA XVII DOMENICA PER ANNUM. (Record n. 322728)
[ formato base ]
| 000 -LEADER | |
|---|---|
| fixed length control field | 01593nas a2200277Ia 4500 |
| 001 - CONTROL NUMBER | |
| control field | L251-17804 |
| 003 - CONTROL NUMBER IDENTIFIER | |
| control field | IT-CnALBA |
| 008 - FIXED-LENGTH DATA ELEMENTS--GENERAL INFORMATION | |
| fixed length control field | 170116c99999999xx |||||||||||| ||und|| |
| 040 ## - CATALOGING SOURCE | |
| Original cataloging agency | IT-CnALBA |
| Transcribing agency | IT-CnALBA |
| 041 ## - LANGUAGE CODE | |
| Language code of text/sound track or separate title | ITALIANO |
| 999 ## - SYSTEM CONTROL NUMBERS (KOHA) | |
| Koha Dewey Subclass [OBSOLETE] | NO |
| 100 ## - MAIN ENTRY--PERSONAL NAME | |
| Personal name | BONORA DON ANTONIO |
| 210 ## - ABBREVIATED TITLE | |
| Abbreviated title | OMELIE |
| 222 ## - KEY TITLE | |
| Key title | OMELIE |
| 245 #0 - TITLE STATEMENT | |
| Title | OMELIE. DAL SS. CUORE DI GESÙ ALLA XVII DOMENICA PER ANNUM. |
| 250 ## - EDITION STATEMENT | |
| Edition statement | 1a ed. |
| 260 ## - PUBLICATION, DISTRIBUTION, ETC. (IMPRINT) | |
| Place of publication, distribution, etc. | NAPOLI |
| Name of publisher, distributor, etc. | DOMENICANE EDIZIONI ITALIANE |
| Date of publication, distribution, etc. | 1978 [1° Ed.:1978 - Ed.Ling.Originale: 1978] |
| 300 ## - PHYSICAL DESCRIPTION | |
| Extent | 246 p. |
| 310 ## - CURRENT PUBLICATION FREQUENCY | |
| Current publication frequency | VARIA |
| 362 ## - DATES OF PUBLICATION AND/OR SEQUENTIAL DESIGNATION | |
| Dates of publication and/or sequential designation | (1978) |
| 500 ## - GENERAL NOTE | |
| General note | TEMI DI PREDICAZIONE. SS. CUORE DI GESÙ. DOMENICHE IX XVII DURANTE L'ANNO. CANTI PER CELEBRAZIONI. PRIMI VENERDÌ. CRESIMA, RAGAZZI. FIDANZATI, VITA DI COPPIA. RITIRI PER RELIGIOSI. FEDELI, TESTIMONI DI GEOVA. DOSSIER, GIUSTIZIA SOVIETICA, TERRORE, STRATEGIA UNIVERSALE. ESEMPI TESTIMONIANZE, MAMMA D'AFRICA, STUDENTI ATEI. S. GIOVANNI BATTISTA. SANTA MARTA. INSERTO, EUCARESTIA DI GRUPPO. |
| 501 ## - WITH NOTE | |
| With note | Società San Paolo EM - Piazza San Paolo, 14 - 12051 ALBA (CN) (non commercial uses only) ® Copyright 2017 |
| 520 ## - SUMMARY, ETC. | |
| Summary, etc. | TEMI DI PREDICAZIONE. SS. CUORE DI GESÙ. DOMENICHE IX XVII DURANTE L'ANNO. CANTI PER CELEBRAZIONI. PRIMI VENERDÌ. CRESIMA, RAGAZZI. FIDANZATI, VITA DI COPPIA. RITIRI PER RELIGIOSI. FEDELI, TESTIMONI DI GEOVA. DOSSIER, GIUSTIZIA SOVIETICA, TERRORE, STRATEGIA UNIVERSALE. ESEMPI TESTIMONIANZE, MAMMA D'AFRICA, STUDENTI ATEI. S. GIOVANNI BATTISTA. SANTA MARTA. INSERTO, EUCARESTIA DI GRUPPO. |
| 650 ## - SUBJECT ADDED ENTRY--TOPICAL TERM | |
| Topical term or geographic name as entry element | PREDICAZIONE - ORATORIA SACRA |
| 942 ## - ADDED ENTRY ELEMENTS (KOHA) | |
| Koha item type | RIVISTA |
| 957 ## - | |
| -- | 1 |
| 999 ## - SYSTEM CONTROL NUMBERS (KOHA) | |
| -- | 1 |
| Withdrawn status | Lost status | Damaged status | Not for loan | Home library | Current library | Date acquired | Total Checkouts | Full call number | Date last seen | Price effective from | Koha item type | Public note |
|---|---|---|---|---|---|---|---|---|---|---|---|---|
| Buone Condizioni | Not For Loan | ALBA - Biblioteca | ALBA - Biblioteca | 16/01/2017 | L251-17804 | 16/01/2017 | 16/01/2017 | RIVISTA | (data import: 16 gennaio 2017) - By Epidotti, Vaglietti. |